000
00276nam a22001217a 4500
008
180920b xxu||||| |||| 00| 0 eng d
041
_a
eng
080
_a
621
100
_a
26
101
_a
ENG
245
_a
Fundamentals Of Engineering Elastion
_c
Borg.S.F
942
_2
udc
_c
BK
999
_c
48149
_d
48149